Business analysis (3rd edition) (Record no. 77858)

MARC details
000 -LEADER
fixed length control field 00952nam a2200229 a 4500
008 - FIXED-LENGTH DATA ELEMENTS--GENERAL INFORMATION
fixed length control field 211206s2014 ||||||||||||||||| || u
020 ## - INTERNATIONAL STANDARD BOOK NUMBER
International Standard Book Number 9781780172774
050 ## - LIBRARY OF CONGRESS CALL NUMBER
Classification number HD 69 Bus
100 ## - MAIN ENTRY--PERSONAL NAME
Personal name Paul, Debra
245 10 - TITLE STATEMENT
Title Business analysis (3rd edition)
Statement of responsibility, etc. Edited by Debra Paul; James Cadle and Donald Yeates
250 ## - EDITION STATEMENT
Edition statement 3rd edition
260 ## - PUBLICATION, DISTRIBUTION, ETC.
Place of publication, distribution, etc. London
Name of publisher, distributor, etc. BCS Learning and Development Ltd
Date of publication, distribution, etc. 2014
300 ## - PHYSICAL DESCRIPTION
Extent xxviii, 280 pages: illustrations
350 ## -
-- 76.07
650 ## - SUBJECT ADDED ENTRY--TOPICAL TERM
Topical term or geographic name entry element ORGANIZATIONAL EFFECTIVENESS
650 #0 - SUBJECT ADDED ENTRY--TOPICAL TERM
Topical term or geographic name entry element BUSINESS PLANNING
650 ## - SUBJECT ADDED ENTRY--TOPICAL TERM
Topical term or geographic name entry element BUSINESS ANALYSIS
700 ## - ADDED ENTRY--PERSONAL NAME
Personal name Yeates, Donald
700 ## - ADDED ENTRY--PERSONAL NAME
Personal name Cadle, James
995 ## -
-- MAIN LIBRARY OPEN ACCESS
-- 751529
-- CBU-MAIN LIBRARY (Kitwe)
-- 76.07
-- HD 69 Bus
-- AVAILABLE
-- Dec 6, 2021
-- 751529
-- Main Library Open Access Collection
995 ## -
-- MAIN LIBRARY OPEN ACCESS
-- 751528
-- CBU-MAIN LIBRARY (Kitwe)
-- 76.07
-- HD 69 Bus
-- AVAILABLE
-- Dec 6, 2021
-- 751528
-- Main Library Open Access Collection
999 ## -
-- 77858
-- 77858
Holdings
Withdrawn status Lost status Source of classification or shelving scheme Damaged status Not for loan Permanent Location Current Location Shelving location Date acquired Total Checkouts Full call number Barcode Date last seen Copy number Price effective from Koha item type
          CBU-MAIN LIBRARY, KITWE. CBU-MAIN LIBRARY, KITWE.   05/03/2023   HD 69 Bus 751529 05/03/2023 1 05/03/2023 MONOGRAPH
          CBU-MAIN LIBRARY, KITWE. CBU-MAIN LIBRARY, KITWE.   05/03/2023   HD 69 Bus 751528 05/03/2023 2 05/03/2023 MONOGRAPH